Southville International School and Colleges
Your cart is empty.
  • Cart
  • Lists
    Public lists Eva Luna New books Lux_list list_1
    Your lists Log in to create your own lists
  • Log in to your account
  • Your cookies
  • Search history
Southville International School and Colleges
  • Advanced search
  • Recent comments
  • Most popular
  • Libraries

Log in to your account

Log in with GOOGLE


If you do not have an external account, but do have a local account, you can still log in:

  1. Home
  2. MARC view: Blood, sweat & cheers :
Normal view MARC view ISBD view

Blood, sweat & cheers : (Record no. 340303)

[ view plain ]
MARC details
000 -LEADER
fixed length control field 00858nam a2200301Ia 4500
008 - FIXED-LENGTH DATA ELEMENTS--GENERAL INFORMATION
fixed length control field 170712s9999 xx 000 0 und d
020 ## - INTERNATIONAL STANDARD BOOK NUMBER
International Standard Book Number 9789715907422
050 ## - LIBRARY OF CONGRESS CALL NUMBER
Classification number 331.4
050 ## - LIBRARY OF CONGRESS CALL NUMBER
Item number L693 2012
100 ## - MAIN ENTRY--PERSONAL NAME
Personal name Liamson, Cristina
245 ## - TITLE STATEMENT
Title Blood, sweat & cheers :
245 ## - TITLE STATEMENT
Remainder of title changed lives of overseas Filipino workers /
245 ## - TITLE STATEMENT
Statement of responsibility, etc by Cristina Liamzon.
260 ## - PUBLICATION, DISTRIBUTION, ETC. (IMPRINT)
Place of publication, distribution, etc Philippines :
260 ## - PUBLICATION, DISTRIBUTION, ETC. (IMPRINT)
Name of publisher, distributor, etc Paulines,
260 ## - PUBLICATION, DISTRIBUTION, ETC. (IMPRINT)
Date of publication, distribution, etc 2012
300 ## - PHYSICAL DESCRIPTION
Extent 148 pages :
300 ## - PHYSICAL DESCRIPTION
Other physical details illustrations ;
300 ## - PHYSICAL DESCRIPTION
Dimensions 21cm.
650 ## - SUBJECT ADDED ENTRY--TOPICAL TERM
Topical term or geographic name as entry element Filipinos --
650 ## - SUBJECT ADDED ENTRY--TOPICAL TERM
Topical term or geographic name as entry element Foreign workers, Filipino --
650 ## - SUBJECT ADDED ENTRY--TOPICAL TERM
Topical term or geographic name as entry element Social entrepreneurship --
650 ## - SUBJECT ADDED ENTRY--TOPICAL TERM
Topical term or geographic name as entry element Title : Blood, sweat and cheers : changed lives of overseas Filipino workers.
650 ## - SUBJECT ADDED ENTRY--TOPICAL TERM
General subdivision Employment -- Italy.
650 ## - SUBJECT ADDED ENTRY--TOPICAL TERM
General subdivision Italy -- Social conditions.
650 ## - SUBJECT ADDED ENTRY--TOPICAL TERM
General subdivision Italy.
650 ## - SUBJECT ADDED ENTRY--TOPICAL TERM
General subdivision Title.

No items available.

Blood, sweat & cheers :

APA

Liamson C., .Blood, sweat & cheers. Philippines: .

Chicago

Liamson Cristina, .Blood, sweat & cheers. Philippines: .

Harvard

Liamson C., .Blood, sweat & cheers. Philippines: .

MLA

Liamson Cristina, .Philippines: . .

  • Print
  • Cite
  • Add to your cart (remove)
  • Save record
    BIBTEX Dublin Core MARCXML MARC (non-Unicode/MARC-8) MARC (Unicode/UTF-8) MARC (Unicode/UTF-8, Standard) MODS (XML) RIS
  • More searches
    Search for this title in:
    Other Libraries (WorldCat) Other Databases (Google Scholar) Online Stores (Bookfinder.com) Open Library (openlibrary.org)

Exporting to Dublin Core...

SOUTHVILLE LIBRARY

Southville International School and Colleges Library

1281 Tropical Ave. Cor. Luxembourg St., BF Homes International, Las Pinas City

Tel. No. 8256374 / 252358 Loc. 117/146

Powered by Koha